[Event "Udaipur Kingdom of Chess op 1st"]
[Site "Udaipur"]
[Date "2024.10.26"]
[Round "8"]
[White "Mayank, Chakraborty"]
[Black "Dishank, Sachin Bajaj"]
[Result "1-0"]
[WhiteElo "2452"]
[BlackElo "1943"]
[PlyCount "97"]
[EventDate "2024.10.23"]
[EventType "swiss"]
[EventRounds "9"]
[EventCountry "IND"]
[SourceTitle "CB44_2024"]
[Source "Chessbase"]
[SourceDate "2024.10.30"]
[SourceVersion "1"]
[SourceVersionDate "2024.10.30"]
[SourceQuality "1"]

1. e4 e5 2. Nf3 Nc6 3. Bc4 Bc5 4. d3 Nf6 5. 0-0 d6 6. c3 a6 7. a4 Ba7 8. Nbd2 0-0 9. h3 h6 10. Re1 Re8 11. b4 Ne7 12. Nf1 Ng6 13. Ng3 c6 14. Bb3 d5 15. Be3 Bxe3 16. Rxe3 a5 17. Re1 Qd6 18. b5 cxb5 19. exd5 Nxd5 20. Ne4 Qd8 21. axb5 Ndf4 22. d4 exd4 23. Qxd4 Be6 24. Bc2 b6 25. Nd6 Re7 26. Ne5 Nxe5 27. Rxe5 f6 28. Re3 g5 29. Rd1 Bf7 30. Nxf7 Ne2+ 31. Rxe2 Qxd4 32. Rxe7 Qxc3 33. Nxh6+ Kf8 34. Rf7+ Ke8 35. Bg6 Qb3 36. Re1+ Kd8 37. Bf5 Qd5 38. Bg4 a4 39. Rd1 Qxd1+ 40. Bxd1 a3 41. Rf8+ Ke7 42. Rxa8 f5 43. Nxf5+ Kf7 44. Rxa3 Kg8 45. Ra7 g4 46. Bxg4 Kh8 47. Bh5 Kg8 48. Bg6 Kh8 49. Ra8# 1-0

[Event "Udaipur Kingdom of Chess op 1st"]
[Site "Udaipur"]
[Date "2024.10.24"]
[Round "3"]
[White "Dishank, Sachin Bajaj"]
[Black "Raj, Kapoor"]
[Result "1-0"]
[WhiteElo "1943"]
[BlackElo "1736"]
[PlyCount "81"]
[EventDate "2024.10.23"]
[EventType "swiss"]
[EventRounds "9"]
[EventCountry "IND"]
[SourceTitle "CB44_2024"]
[Source "Chessbase"]
[SourceDate "2024.10.30"]
[SourceVersion "1"]
[SourceVersionDate "2024.10.30"]
[SourceQuality "1"]

1. e4 c5 2. c3 e6 3. d4 cxd4 4. cxd4 d5 5. e5 Nc6 6. Nf3 Qb6 7. Nc3 Bd7 8. Be2 Nge7 9. Na4 Qc7 10. 0-0 Nf5 11. Be3 Be7 12. Rc1 0-0 13. Nc5 Nxe3 14. fxe3 f6 15. exf6 Rxf6 16. Qb3 Bxc5 17. Rxc5 Qd6 18. Bb5 Na5 19. Qa3 Bxb5 20. Rc8+ Rxc8 21. Qxd6 Bxf1 22. Kxf1 Nc4 23. Qd7 Rcf8 24. Ke2 Rg6 25. Ne1 Rgf6 26. Nd3 g5 27. b3 R8f7 28. Qc8+ Rf8 29. Qc7 R8f7 30. Qg3 Nb6 31. Ne5 Rf2+ 32. Kd3 Rf8 33. Qxg5+ Kh8 34. Ng4 R2f5 35. Qe7 R5f7 36. Qxe6 Rg7 37. h3 h5 38. Qh6+ Kg8 39. Nf6+ Kf7 40. Nxd5 Nxd5 41. Qxh5+ 1-0

[Event "Udaipur Kingdom of Chess op 1st"]
[Site "Udaipur"]
[Date "2024.10.24"]
[Round "4"]
[White "Saxena, Arpit"]
[Black "Dishank, Sachin Bajaj"]
[Result "0-1"]
[WhiteElo "1708"]
[BlackElo "1943"]
[PlyCount "100"]
[EventDate "2024.10.23"]
[EventType "swiss"]
[EventRounds "9"]
[EventCountry "IND"]
[SourceTitle "CB44_2024"]
[Source "Chessbase"]
[SourceDate "2024.10.30"]
[SourceVersion "1"]
[SourceVersionDate "2024.10.30"]
[SourceQuality "1"]

1. Nf3 d5 2. b3 Nf6 3. Bb2 Nbd7 4. d3 e6 5. Nbd2 Bb4 6. a3 Ba5 7. g3 0-0 8. Bg2 c5 9. 0-0 Bc7 10. e4 b6 11. h3 Bb7 12. e5 Ne8 13. Re1 g6 14. Nh2 Rb8 15. f4 Ng7 16. Ng4 Nf5 17. Nf1 b5 18. Qd2 Ba5 19. b4 Bb6 20. Kh2 d4 21. Be4 c4 22. Qg2 c3 23. Bc1 Qc7 24. h4 h5 25. Nf2 Kg7 26. Kh3 Qc8 27. Nh2 Bd8 28. Nf3 Nb6 29. Ng5 Be7 30. Bxb7 Qxb7 31. Nfe4 Rfd8 32. Rg1 Qd5 33. Re1 Ra8 34. Re2 a6 35. Qf2 Rdc8 36. Rb1 a5 37. bxa5 Rxa5 38. Rb3 Nd7 39. Nf3 Rca8 40. Nfg5 Bxa3 41. Bxa3 Rxa3 42. Rxa3 Rxa3 43. Qf3 Ra8 44. Nxf7 Kxf7 45. Ng5+ Ke7 46. Qxd5 exd5 47. e6 Nc5 48. Re5 Ne3 49. Nf3 Nxd3 50. cxd3 c2 0-1

[Event "SRI-ch Dini"]
[Site "Colombo"]
[Date "2024.07.29"]
[Round "1"]
[White "Wijekoon, Chandana"]
[Black "Dishank, Sachin Bajaj"]
[Result "1-0"]
[WhiteElo "1834"]
[BlackElo "1971"]
[PlyCount "119"]
[EventDate "2024.07.29"]
[EventType "swiss"]
[EventRounds "10"]
[EventCountry "SRI"]
[SourceTitle "CBM 221 Extra"]
[Source "ChessBase"]
[SourceDate "2024.09.30"]
[SourceVersion "1"]
[SourceVersionDate "2024.09.30"]
[SourceQuality "1"]

1. d4 d5 2. c4 e6 3. Nc3 Be7 4. cxd5 exd5 5. Bf4 c6 6. e3 Bf5 7. Bd3 Bxd3 8. Qxd3 Nf6 9. Nf3 Nbd7 10. h3 0-0 11. 0-0 Re8 12. Rab1 a5 13. a3 Bf8 14. Nd2 Re6 15. Rbd1 Nb6 16. Bg5 h6 17. Bh4 Qd7 18. Kh1 Rae8 19. Rde1 Ne4 20. Ncxe4 dxe4 21. Qb3 Nd5 22. Bg3 b5 23. Rc1 Rg6 24. Rfe1 h5 25. Qd1 Qf5 26. Qe2 Qg5 27. Qf1 Ree6 28. Nb1 h4 29. Bh2 b4 30. Re2 f5 31. Rce1 Rgf6 32. a4 Nb6 33. b3 Nd5 34. f4 Qg6 35. Rc2 Qf7 36. Nd2 c5 37. dxc5 Nc3 38. Nc4 Qc7 39. Ne5 Bxc5 40. Qf2 Rh6 41. Rg1 Qa7 42. Nc4 Re8 43. Rd2 Qc7 44. g4 hxg3 45. Rxg3 Rd8 46. Qg2 Bf8 47. Ne5 Rhd6 48. Rf2 Rd1+ 49. Bg1 Rb1 50. Rg5 Rbd1 51. Qh2 Nd5 52. Rc2 Nc3 53. Rcg2 Qc8 54. Qg3 Qc7 55. Qh4 Bc5 56. Rh5 Qxe5 57. fxe5 Bxe3 58. Rxg7+ Kxg7 59. Qf6+ Kg8 60. Rh8# 1-0

[Event "Wch U20 61st"]
[Site "Gandhinagar"]
[Date "2024.06.13"]
[Round "11"]
[White "Oluka, Robert Mcligeyo"]
[Black "Dishank, Sachin Bajaj"]
[Result "0-1"]
[WhiteElo "2050"]
[BlackElo "1893"]
[PlyCount "68"]
[EventDate "2024.06.02"]
[EventType "swiss"]
[EventRounds "11"]
[EventCountry "IND"]
[SourceTitle "CBM 220 Extra"]
[Source "ChessBase"]
[SourceDate "2024.07.31"]
[SourceVersion "1"]
[SourceVersionDate "2024.07.31"]
[SourceQuality "1"]

1. d4 Nf6 2. c4 e6 3. Nc3 d5 4. Bg5 Be7 5. Nf3 h6 6. Bxf6 Bxf6 7. e3 c6 8. Rc1 Nd7 9. h4 Nb6 10. c5 Nd7 11. e4 Be7 12. Bd3 a5 13. a3 b6 14. b4 axb4 15. axb4 bxc5 16. bxc5 Ba6 17. Bxa6 Rxa6 18. exd5 exd5 19. 0-0 0-0 20. Re1 Bxh4 21. Qb3 Bf6 22. Qb7 Qc8 23. Rb1 Qxb7 24. Rxb7 Nxc5 25. dxc5 Bxc3 26. Rc1 Bf6 27. Rb6 Rfa8 28. Kf1 Kf8 29. Rcb1 Ke8 30. Ke2 Rxb6 31. Rxb6 Kd7 32. Ne1 Ra2+ 33. Ke3 Bg5+ 34. f4 Ra3+ 0-1

[Event "Wch U20 61st"]
[Site "Gandhinagar"]
[Date "2024.06.11"]
[Round "9"]
[White "Harshad, S."]
[Black "Dishank, Sachin Bajaj"]
[Result "1-0"]
[WhiteElo "2272"]
[BlackElo "1893"]
[PlyCount "119"]
[EventDate "2024.06.02"]
[EventType "swiss"]
[EventRounds "11"]
[EventCountry "IND"]
[SourceTitle "CBM 220 Extra"]
[Source "ChessBase"]
[SourceDate "2024.07.31"]
[SourceVersion "1"]
[SourceVersionDate "2024.07.31"]
[SourceQuality "1"]

1. e4 e5 2. Nf3 Nc6 3. Bb5 a6 4. Ba4 Nf6 5. 0-0 Be7 6. d3 b5 7. Bb3 0-0 8. a4 b4 9. a5 d6 10. Nbd2 Rb8 11. Nc4 Be6 12. c3 Nd7 13. Be3 Qc8 14. d4 Bg4 15. Ba4 exd4 16. cxd4 Nd8 17. h3 Bh5 18. d5 Bg6 19. e5 Be4 20. Bf4 Nb7 21. Re1 Ndc5 22. Bc6 Qf5 23. Bg3 Qg6 24. exd6 cxd6 25. Nfd2 Bc2 26. Qg4 Qf6 27. Re3 Rfd8 28. Rae1 Bf5 29. Qe2 Bf8 30. Nf3 h6 31. Qd2 Rdc8 32. Nd4 Bg6 33. Rf3 Qd8 34. Nb6 Ne4 35. Qf4 Rc7 36. Bxb7 Rbxb7 37. Nc6 Qf6 38. Qxe4 Bxe4 39. Rxf6 Bxd5 40. Nxd5 Rxc6 41. Rf4 Rc5 42. Rxb4 Rd7 43. Nb6 Rd8 44. Rbe4 f5 45. b4 Rb5 46. Rd4 g5 47. f4 d5 48. fxg5 Bxb4 49. Rxb4 Rxb4 50. Bc7 Rf8 51. Bd6 Rb5 52. Bxf8 Kxf8 53. gxh6 Kf7 54. Re7+ Kg8 55. Nd7 Rb4 56. Rg7+ Kh8 57. Nf6 Rb1+ 58. Kh2 Rh1+ 59. Kxh1 f4 60. Rg8# 1-0

[Event "Wch U20 61st"]
[Site "Gandhinagar"]
[Date "2024.06.07"]
[Round "6"]
[White "Dishank, Sachin Bajaj"]
[Black "Matsumura, Cocoro"]
[Result "1-0"]
[WhiteElo "1893"]
[BlackElo "2032"]
[PlyCount "81"]
[EventDate "2024.06.02"]
[EventType "swiss"]
[EventRounds "11"]
[EventCountry "IND"]
[SourceTitle "CBM 220 Extra"]
[Source "ChessBase"]
[SourceDate "2024.07.31"]
[SourceVersion "1"]
[SourceVersionDate "2024.07.31"]
[SourceQuality "1"]

1. b3 e5 2. Bb2 Nc6 3. e3 Nf6 4. Be2 d5 5. Nf3 Bd6 6. c4 0-0 7. d4 exd4 8. exd4 Re8 9. 0-0 Bg4 10. h3 Bh5 11. c5 Bf8 12. Nbd2 Ne4 13. Rc1 Qf6 14. Ne5 Bxe2 15. Qxe2 Nxd2 16. Qxd2 Nxe5 17. dxe5 Qc6 18. Kh1 Rad8 19. Bd4 Qb5 20. f4 b6 21. b4 bxc5 22. bxc5 Rb8 23. f5 Kh8 24. Rf4 Qb4 25. Qe3 Qa4 26. Qd2 Rb4 27. e6 f6 28. Rcf1 Rc4 29. Rc1 Rxc1+ 30. Qxc1 Qxa2 31. Qe3 Be7 32. Qf3 Rb8 33. Rh4 Qd2 34. Kh2 c6 35. Be3 Qe1 36. Qh5 h6 37. Bxh6 Qxh4 38. Qxh4 gxh6 39. Qxh6+ Kg8 40. Qg6+ Kh8 41. Qh5+ 1-0

[Event "Wch U20 61st"]
[Site "Gandhinagar"]
[Date "2024.06.05"]
[Round "4"]
[White "Dishank, Sachin Bajaj"]
[Black "Sriansh, Das"]
[Result "0-1"]
[WhiteElo "1893"]
[BlackElo "2016"]
[PlyCount "80"]
[EventDate "2024.06.02"]
[EventType "swiss"]
[EventRounds "11"]
[EventCountry "IND"]
[SourceTitle "CBM 220 Extra"]
[Source "ChessBase"]
[SourceDate "2024.07.31"]
[SourceVersion "1"]
[SourceVersionDate "2024.07.31"]
[SourceQuality "1"]

1. e4 e6 2. d4 d5 3. Bd3 c5 4. exd5 exd5 5. Nf3 c4 6. Be2 Nf6 7. b3 cxb3 8. axb3 Nc6 9. 0-0 Be7 10. c4 0-0 11. Na3 Bf5 12. Nc2 h6 13. Ne3 Be6 14. Bb2 Qb6 15. Qc2 Rfd8 16. Rfd1 Rac8 17. c5 Qc7 18. Bc3 Ne4 19. Be1 f5 20. b4 a6 21. b5 axb5 22. Bxb5 Bf6 23. Rab1 g5 24. Bc3 f4 25. Nf1 Qg7 26. Bxc6 Rxc6 27. Ba1 Rd7 28. Rb5 g4 29. N3d2 Nxf2 30. Re1 Bxd4 31. Nb3 Bxa1 32. Rxa1 Ne4 33. Nfd2 Qe5 34. Ra8+ Kg7 35. Ra7 Nc3 36. Raxb7 Qe1+ 37. Nf1 Ne2+ 38. Qxe2 Qxe2 39. Nd4 Qc4 40. Rxd7+ Bxd7 0-1

[Event "Wch U20 61st"]
[Site "Gandhinagar"]
[Date "2024.06.02"]
[Round "1"]
[White "Bodrogi, Bendeguz"]
[Black "Dishank, Sachin Bajaj"]
[Result "1-0"]
[WhiteElo "2353"]
[BlackElo "1893"]
[PlyCount "69"]
[EventDate "2024.06.02"]
[EventType "swiss"]
[EventRounds "11"]
[EventCountry "IND"]
[SourceTitle "CBM 220 Extra"]
[Source "ChessBase"]
[SourceDate "2024.07.31"]
[SourceVersion "1"]
[SourceVersionDate "2024.07.31"]
[SourceQuality "1"]

1. Nf3 d5 2. g3 g6 3. Bg2 Nf6 4. b3 Bg7 5. Bb2 0-0 6. c4 c6 7. 0-0 Nbd7 8. d4 Ne4 9. Nbd2 Ndf6 10. e3 Bg4 11. h3 Nxd2 12. Qxd2 Ne4 13. Qc2 Bf5 14. g4 Be6 15. Ne5 f5 16. f3 Nd6 17. Rae1 Rc8 18. c5 Nf7 19. Nd3 Bd7 20. Qd1 Qc7 21. f4 b6 22. g5 Ra8 23. a4 Rfb8 24. Qc2 b5 25. axb5 Rxb5 26. Ra1 Bc8 27. Ra3 Rab8 28. Rfa1 a6 29. Bc3 Nxg5 30. fxg5 Qg3 31. Qf2 Qxg5 32. b4 Bh6 33. Ne5 Qf6 34. Rxa6 Bxa6 35. Rxa6 1-0

[Event "Asia-ch Blitz U20"]
[Site "Jamshedpur"]
[Date "2023.09.15"]
[Round "7"]
[White "Dishank, Sachin Bajaj"]
[Black "Harshavardhan, GB."]
[Result "0-1"]
[WhiteElo "1687"]
[BlackElo "2353"]
[PlyCount "104"]
[EventDate "2023.09.15"]
[EventType "swiss (blitz)"]
[EventRounds "9"]
[EventCountry "IND"]
[SourceTitle "CBM 216 Extra"]
[Source "ChessBase"]
[SourceDate "2023.11.30"]
[SourceVersion "1"]
[SourceVersionDate "2023.11.30"]
[SourceQuality "1"]

1. e4 c5 2. Nf3 d6 3. Bb5+ Nd7 4. 0-0 a6 5. Bxd7+ Bxd7 6. Re1 Nf6 7. c3 e6 8. d4 cxd4 9. cxd4 d5 10. e5 Ng8 11. Nc3 Ne7 12. Qd3 Nc6 13. Be3 Be7 14. Rac1 0-0 15. h3 b5 16. b3 Rc8 17. Ne2 Ba3 18. Ng5 g6 19. Ng3 Bxc1 20. Rxc1 Nb4 21. Qb1 Rxc1+ 22. Bxc1 Qc7 23. Ba3 a5 24. Bxb4 axb4 25. Qd1 h6 26. Nf3 Rc8 27. Qe2 Qc1+ 28. Kh2 Rc2 29. Qd3 Rxf2 30. Nh4 Qc2 31. Qxc2 Rxc2 32. Nf3 Rxa2 33. h4 Rb2 34. h5 Rxb3 35. hxg6 fxg6 36. Nh4 Kg7 37. Nf1 Rd3 38. Nf3 b3 39. N1d2 b2 40. Nb1 b4 41. Kg3 Ba4 42. Kf2 Bc2 43. Nfd2 Rxd4 44. Ke3 Rh4 45. Kf2 Rh1 46. Ke2 Bxb1 47. Nxb1 Rxb1 48. g4 Rc1 49. g5 hxg5 50. Kd2 b1Q 51. Ke3 Qc2 52. Kd4 Qd2# 0-1

[Event "Asia-ch Blitz U20"]
[Site "Jamshedpur"]
[Date "2023.09.15"]
[Round "9"]
[White "Dishank, Sachin Bajaj"]
[Black "Mohd, Tabseer Alam"]
[Result "0-1"]
[WhiteElo "1687"]
[BlackElo "1496"]
[PlyCount "206"]
[EventDate "2023.09.15"]
[EventType "swiss (blitz)"]
[EventRounds "9"]
[EventCountry "IND"]
[SourceTitle "CBM 216 Extra"]
[Source "ChessBase"]
[SourceDate "2023.11.30"]
[SourceVersion "1"]
[SourceVersionDate "2023.11.30"]
[SourceQuality "1"]

1. e4 c5 2. c3 Nf6 3. e5 Nd5 4. d4 cxd4 5. Nf3 e6 6. cxd4 d6 7. Bc4 dxe5 8. dxe5 Bb4+ 9. Bd2 Bxd2+ 10. Qxd2 0-0 11. Bxd5 exd5 12. 0-0 Nc6 13. Rd1 Be6 14. Nc3 Qb6 15. Rac1 Rfd8 16. Na4 Qb4 17. Nc5 Bg4 18. Qxb4 Nxb4 19. Rd4 Bxf3 20. Rxb4 Bh5 21. Nxb7 Rdc8 22. Rxc8+ Rxc8 23. h3 Rc2 24. Nd6 h6 25. Nf5 Rd2 26. g4 Bg6 27. Ne7+ Kh7 28. Nxg6 Kxg6 29. f4 d4 30. b3 h5 31. a4 Rd3 32. Kg2 h4 33. Rb7 Rg3+ 34. Kh2 Rc3 35. Rxa7 d3 36. Ra6+ Kh7 37. Rd6 Rxb3 38. Kg2 Rb2+ 39. Kf3 d2 40. Ke2 Ra2 41. Rd4 g5 42. f5 Kg7 43. Kd1 Ra3 44. Kxd2 Rxh3 45. Ke2 Ra3 46. Kf2 Kf8 47. f6 Kg8 48. Kg2 Kh7 49. Rb4 Kg6 50. Kh2 Re3 51. Rb5 Re4 52. Kh3 Rxa4 53. Rd5 Ra3+ 54. Kh2 Rg3 55. Rd4 Re3 56. Rd5 Kh7 57. Rb5 Kg6 58. Ra5 Re4 59. Kh3 Rf4 60. Ra8 Rf3+ 61. Kh2 Re3 62. Rg8+ Kh6 63. Rh8+ Kg6 64. Rg8+ Kh7 65. Rg7+ Kh6 66. Rxf7 Rxe5 67. Rf8 Kg6 68. f7 Kg7 69. Rg8+ Kxf7 70. Ra8 Re3 71. Ra5 Kf6 72. Rf5+ Kg6 73. Ra5 Rg3 74. Ra6+ Kf7 75. Ra4 Ke6 76. Rb4 Ke5 77. Ra4 Rd3 78. Kg2 Rd4 79. Ra3 Kf4 80. Ra8 Kxg4 81. Kh2 Rd2+ 82. Kg1 h3 83. Ra3 Kh4 84. Kh1 g4 85. Ra4 Rf2 86. Kg1 Kg3 87. Ra3+ Rf3 88. Ra1 Rc3 89. Kh1 Rd3 90. Kg1 Kf3 91. Rf1+ Ke2 92. Rf2+ Ke3 93. Rf1 g3 94. Re1+ Kf3 95. Rf1+ Ke2 96. Ra1 Rd1+ 97. Rxd1 Kxd1 98. Kh1 Ke2 99. Kg1 g2 100. Kh2 Kf2 101. Kxh3 g1Q 102. Kh4 Qg6 103. Kh3 Qh5# 0-1

[Event "Asia-ch Blitz U20"]
[Site "Jamshedpur"]
[Date "2023.09.15"]
[Round "8"]
[White "Vikramaditya, Abhijit Chavan"]
[Black "Dishank, Sachin Bajaj"]
[Result "1/2-1/2"]
[WhiteElo "1388"]
[BlackElo "1687"]
[PlyCount "146"]
[EventDate "2023.09.15"]
[EventType "swiss (blitz)"]
[EventRounds "9"]
[EventCountry "IND"]
[SourceTitle "CBM 216 Extra"]
[Source "ChessBase"]
[SourceDate "2023.11.30"]
[SourceVersion "1"]
[SourceVersionDate "2023.11.30"]
[SourceQuality "1"]

1. d4 Nf6 2. Bf4 g6 3. e3 Bg7 4. Nf3 0-0 5. h3 d6 6. Be2 Re8 7. 0-0 c6 8. Nbd2 Nbd7 9. Bh2 b5 10. c4 a6 11. Rc1 Bb7 12. b4 e5 13. dxe5 Nxe5 14. Nxe5 dxe5 15. c5 Nd5 16. a3 a5 17. Qb3 axb4 18. axb4 Ra4 19. Ne4 Rxb4 20. Qc2 Bf8 21. Rfd1 Qh4 22. Nd6 Rb8 23. Bxe5 Bxd6 24. cxd6 Qe4 25. Qxe4 Rxe4 26. Bg3 Re6 27. Bg4 f5 28. Bf3 Rd8 29. Bxd5 cxd5 30. Rc5 g5 31. Rxb5 Bc6 32. Rc5 f4 33. Rxc6 fxg3 34. fxg3 Rdxd6 35. Rxd6 Rxd6 36. Rd4 Kf7 37. e4 Ke6 38. exd5+ Rxd5 39. Ra4 Kf6 40. Ra6+ Kg7 41. Ra7+ Kg6 42. Kh2 Rd3 43. h4 g4 44. Ra4 h5 45. Ra6+ Kh7 46. Ra7+ Kg6 47. Ra6+ Kg7 48. Ra5 Kg6 49. Rg5+ Kh6 50. Re5 Rd6 51. Re3 Rd5 52. Ra3 Rb5 53. Kg1 Rb2 54. Kf1 Kg6 55. Rc3 Ra2 56. Rc6+ Kg7 57. Re6 Rb2 58. Re1 Kf6 59. Kg1 Rb3 60. Kh2 Rb2 61. Rf1+ Kg6 62. Rc1 Rb6 63. Kg1 Rb2 64. Rc3 Kh6 65. Re3 Kg6 66. Kf1 Kf5 67. Ra3 Kg6 68. Ra6+ Kg7 69. Ra5 Kg6 70. Re5 Rc2 71. Re2 Rc3 72. Kf2 Ra3 73. Rb2 Kg7 1/2-1/2

[Event "Asia-ch U20"]
[Site "Jamshedpur"]
[Date "2023.09.14"]
[Round "8"]
[White "Aarav, Sarbalia"]
[Black "Dishank, Sachin Bajaj"]
[Result "1-0"]
[WhiteElo "2060"]
[BlackElo "1641"]
[PlyCount "141"]
[EventDate "2023.09.09"]
[EventType "swiss"]
[EventRounds "9"]
[EventCountry "IND"]
[SourceTitle "CBM 216 Extra"]
[Source "ChessBase"]
[SourceDate "2023.11.30"]
[SourceVersion "1"]
[SourceVersionDate "2023.11.30"]
[SourceQuality "1"]

1. e4 e5 2. Nf3 Nc6 3. Bc4 Bc5 4. d3 Nf6 5. Nc3 d6 6. Na4 Bb6 7. a3 h6 8. 0-0 0-0 9. h3 d5 10. exd5 Nxd5 11. Re1 Qd6 12. Nxb6 Nxb6 13. Bb3 Bf5 14. Nxe5 Nxe5 15. Bf4 Rfe8 16. d4 Qg6 17. Bxe5 Bxh3 18. Qf3 Bf5 19. c4 c6 20. Rac1 Nd7 21. Bf4 Nf6 22. Qg3 Qxg3 23. Bxg3 Ne4 24. Bf4 Rad8 25. f3 Nf6 26. Be5 Nd7 27. Bc7 Rc8 28. Bd6 Nf6 29. Kf2 Rcd8 30. Be5 Be6 31. Ba2 Nd7 32. Bc7 Rc8 33. Bd6 Nb6 34. b3 f6 35. Bb1 Kf7 36. Bb4 Rcd8 37. Bc3 Nc8 38. a4 a6 39. Re2 Nd6 40. Ba5 Rc8 41. Bb4 Nf5 42. Rxe6 Kxe6 43. Re1+ Kf7 44. Bxf5 Rxe1 45. Kxe1 Rd8 46. Bc5 g6 47. Bd3 f5 48. b4 Ke6 49. b5 h5 50. bxc6 bxc6 51. Bb6 Rb8 52. a5 Ra8 53. Bc2 g5 54. Bb3 h4 55. c5+ Kf6 56. d5 cxd5 57. Bxd5 Re8+ 58. Kf2 g4 59. c6 Ke5 60. Bc4 g3+ 61. Kf1 Kf4 62. c7 h3 63. gxh3 Kxf3 64. Bd5+ Kf4 65. Bb7 Rh8 66. c8Q Rxh3 67. Qc4+ Kg5 68. Bd8+ Kg6 69. Qg8+ Kh6 70. Bg5+ Kh5 71. Bf3# 1-0

[Event "Asia-ch Rapid U20"]
[Site "Jamshedpur"]
[Date "2023.09.08"]
[Round "1"]
[White "Avinash, Ramesh"]
[Black "Dishank, Sachin Bajaj"]
[Result "1-0"]
[WhiteElo "2258"]
[BlackElo "1669"]
[PlyCount "71"]
[EventDate "2023.09.08"]
[EventType "swiss (rapid)"]
[EventRounds "9"]
[EventCountry "IND"]
[SourceTitle "CBM 216 Extra"]
[Source "ChessBase"]
[SourceDate "2023.11.30"]
[SourceVersion "1"]
[SourceVersionDate "2023.11.30"]
[SourceQuality "1"]

1. c4 e6 2. Nf3 Nf6 3. g3 Be7 4. Bg2 0-0 5. 0-0 d5 6. b3 c5 7. cxd5 exd5 8. d4 Nc6 9. Bb2 Be6 10. dxc5 Bxc5 11. Nc3 h6 12. Rc1 Qe7 13. Nb5 Ne4 14. Nbd4 Bb6 15. Nxc6 bxc6 16. Rxc6 Bc5 17. Ne5 Rfd8 18. Qc2 Bb6 19. Qd1 Nf6 20. Rxb6 axb6 21. Nc6 Qd7 22. Nxd8 Qxd8 23. a3 Qe7 24. b4 Rc8 25. Qd2 Ne4 26. Qd4 f5 27. Qxb6 Rc2 28. Bd4 Rxe2 29. a4 Rc2 30. a5 Rc4 31. b5 Nd6 32. Be5 Nc8 33. Qb8 Qd7 34. b6 Rb4 35. Qc7 Qb5 36. Qxg7# 1-0

[Event "Asia-ch Rapid U20"]
[Site "Jamshedpur"]
[Date "2023.09.08"]
[Round "2"]
[White "Dishank, Sachin Bajaj"]
[Black "Shaashvat, Gupta"]
[Result "1-0"]
[WhiteElo "1669"]
[BlackElo "1428"]
[PlyCount "53"]
[EventDate "2023.09.08"]
[EventType "swiss (rapid)"]
[EventRounds "9"]
[EventCountry "IND"]
[SourceTitle "CBM 216 Extra"]
[Source "ChessBase"]
[SourceDate "2023.11.30"]
[SourceVersion "1"]
[SourceVersionDate "2023.11.30"]
[SourceQuality "1"]

1. e4 c5 2. Nf3 d6 3. Bb5+ Bd7 4. Bxd7+ Qxd7 5. 0-0 Nc6 6. c3 Nf6 7. Re1 e6 8. d4 cxd4 9. cxd4 d5 10. e5 Ne4 11. Nbd2 Nxd2 12. Bxd2 Be7 13. Rc1 0-0 14. a3 a5 15. Bg5 Rfc8 16. Qd2 a4 17. Rc3 Bxg5 18. Nxg5 h6 19. Nh3 Na5 20. Rg3 Kh7 21. Ng5+ Kg8 22. Ne4 Kh7 23. Nf6+ gxf6 24. Rh3 Kg6 25. Qxh6+ Kf5 26. Rf3+ Kg4 27. Rf4# 1-0

[Event "Asia-ch Rapid U20"]
[Site "Jamshedpur"]
[Date "2023.09.08"]
[Round "8"]
[White "Nishanth, Dsouza"]
[Black "Dishank, Sachin Bajaj"]
[Result "0-1"]
[WhiteElo "1388"]
[BlackElo "1669"]
[PlyCount "124"]
[EventDate "2023.09.08"]
[EventType "swiss (rapid)"]
[EventRounds "9"]
[EventCountry "IND"]
[SourceTitle "CBM 216 Extra"]
[Source "ChessBase"]
[SourceDate "2023.11.30"]
[SourceVersion "1"]
[SourceVersionDate "2023.11.30"]
[SourceQuality "1"]

1. e4 e5 2. Nf3 Nc6 3. Bc4 Bc5 4. c3 Nf6 5. d4 exd4 6. e5 d5 7. Bb5 Ne4 8. cxd4 Bb6 9. h3 0-0 10. 0-0 Ne7 11. Nc3 c6 12. Bd3 Bf5 13. Be3 Nxc3 14. bxc3 Qd7 15. Nh4 Bxd3 16. Qxd3 Rae8 17. f4 f5 18. Rae1 Qe6 19. Bc1 c5 20. Ba3 Rc8 21. Nf3 cxd4 22. cxd4 Rc4 23. Kh1 h6 24. Rc1 Rfc8 25. Rxc4 dxc4 26. Qc2 Nd5 27. Bc1 g6 28. Qf2 c3 29. Qh4 Kg7 30. g4 Rf8 31. Qg3 Bd8 32. Ba3 Rf7 33. Bc1 b5 34. Rg1 b4 35. Ne1 Bb6 36. Nf3 Bd8 37. Ne1 a5 38. Nd3 Bb6 39. Nc5 Bxc5 40. dxc5 fxg4 41. hxg4 Kh7 42. f5 Qc6 43. Kh2 g5 44. e6 Re7 45. Qd6 Qc7 46. f6 Rxe6 47. f7 Rxd6 48. cxd6 Qxd6+ 49. Rg3 Kg7 50. Kg2 Nf4+ 51. Bxf4 Qxf4 52. a3 Qxg3+ 53. Kxg3 c2 54. axb4 axb4 55. Kh3 c1Q 56. Kg3 Qf4+ 57. Kh3 Qf3+ 58. Kh2 Qxg4 59. Kh1 Kxf7 60. Kh2 h5 61. Kh1 h4 62. Kh2 h3 0-1

[Event "Asia-ch Rapid U20"]
[Site "Jamshedpur"]
[Date "2023.09.08"]
[Round "7"]
[White "Thejas, K."]
[Black "Dishank, Sachin Bajaj"]
[Result "0-1"]
[WhiteElo "1380"]
[BlackElo "1669"]
[PlyCount "80"]
[EventDate "2023.09.08"]
[EventType "swiss (rapid)"]
[EventRounds "9"]
[EventCountry "IND"]
[SourceTitle "CBM 216 Extra"]
[Source "ChessBase"]
[SourceDate "2023.11.30"]
[SourceVersion "1"]
[SourceVersionDate "2023.11.30"]
[SourceQuality "1"]

1. e4 e5 2. Nf3 Nc6 3. Bb5 a6 4. Ba4 Nf6 5. 0-0 Be7 6. c3 b5 7. Bb3 0-0 8. Re1 d5 9. exd5 Nxd5 10. Nxe5 Nxe5 11. Rxe5 c6 12. d4 Bd6 13. Re1 Qh4 14. h3 Bxh3 15. Bxd5 cxd5 16. gxh3 Qxh3 17. Be3 Rae8 18. Qd2 Bh2+ 19. Kh1 Re4 20. f3 Bg3+ 21. Kg1 Bxe1 22. Qxe1 Qxf3 23. Qf2 Qxe3 24. Qxe3 Rxe3 25. Nd2 Rfe8 26. Kf1 Re2 27. Rd1 f6 28. b4 R2e3 29. Rc1 Rh3 30. Kg2 Rh5 31. Nf3 Re2+ 32. Kg3 Rxa2 33. Nh4 Rg5+ 34. Kf3 Rh2 35. Re1 Kf7 36. Ra1 Rxh4 37. Rxa6 Rh3+ 38. Kf4 h5 39. Rb6 Rg4+ 40. Kf5 Rf3# 0-1

[Event "Vrindavana MMT op"]
[Site "Mathura"]
[Date "2023.04.25"]
[Round "5"]
[White "Sham, R."]
[Black "Dishank, Sachin Bajaj"]
[Result "0-1"]
[WhiteElo "1560"]
[BlackElo "1727"]
[PlyCount "95"]
[EventDate "2023.04.23"]
[EventType "swiss"]
[EventRounds "9"]
[EventCountry "IND"]
[SourceTitle "CBM 213 Extra"]
[Source "ChessBase"]
[SourceDate "2023.05.31"]
[SourceVersion "1"]
[SourceVersionDate "2023.05.31"]
[SourceQuality "1"]

1. b3 d5 2. Bb2 Nf6 3. e3 c5 4. Nf3 Nc6 5. Be2 Qc7 6. d4 Bf5 7. 0-0 e6 8. c4 Rd8 9. cxd5 Nxd5 10. Nbd2 Bg6 11. Rc1 Be7 12. dxc5 0-0 13. a3 Bf6 14. Bxf6 Nxf6 15. b4 Ne4 16. Rc2 a5 17. b5 Ne5 18. Nxe5 Qxe5 19. Nc4 Qxc5 20. Qc1 Qxb5 21. Nd6 Qe5 22. Nxe4 Bxe4 23. Rc5 Rd5 24. Rxd5 Bxd5 25. Qc5 Qb2 26. Bf3 b6 27. Qd6 Bxf3 28. gxf3 b5 29. Qd3 Qe5 30. Rb1 Rb8 31. Qe4 Qxe4 32. fxe4 Kf8 33. Kf1 Ke7 34. e5 b4 35. axb4 axb4 36. Ke2 Rb5 37. f4 f6 38. Rg1 g6 39. exf6+ Kxf6 40. Rb1 b3 41. Rb2 e5 42. fxe5+ Kxe5 43. Kd3 Rb7 44. h3 g5 45. Kd2 Ke4 46. Ke2 h5 47. Rb1 b2 48. Ke1 0-1